000 00296nam a22001217a 4500
999 _c155336
_d155336
082 _a
_b
100 _aHaripriya S
245 _aPaliyar:
_bpaithrukavum samskrithiyum/
_cHaripriya S.
260 _aKannur:
_bKerala Folklore Academy,
_c2015.
300 _a71p.
650 _aFolklore
942 _cBK